New Super Mario Bros. U Deluxe Levels - Statistics

General Stats
  • This quiz has been taken 74 times
  • The average score is 22 of 163
Answer Stats
Game World Level % Correct
M Acorn Plains Acorn Plains Way
81%
M Acorn Plains Yoshi Hill
68%
M Acorn Plains Lemmy’s Swingback Castle
51%
M Acorn Plains Mushroom Heights
46%
M Acorn Plains Blooper’s Secret Lair
43%
M Acorn Plains Tilted Tunnel
43%
M Acorn Plains Rise Of The Piranha Plants (PLANT GANG RISE UP!!)
41%
M Acorn Plains Crushing-Cogs Tower
35%
M Sparkling Waters Larry’s Torpedo Castle
32%
M Layer-Cake Desert Morton’s Compactor Castle
32%
L Acorn Plains Crooked Cavern
30%
M Layer-Cake Desert Fire Snake Cavern
30%
M Sparkling Waters Haunted Shipwreck
27%
M Soda Jungle Iggy’s Volcanic Castle
27%
M Layer-Cake Desert Perilous Pokey Cave
27%
M Layer-Cake Desert Stone-Eye Zone
27%
L Acorn Plains Waddlewing Warning!
27%
L Acorn Plains A Cheep Chomp Chase
24%
M Soda Jungle Jungle Of The Giants
24%
L Acorn Plains Lemmy’s Lights-Out Castle
24%
M Soda Jungle Flight Of The Para-Beetles
22%
M Rock-Candy Mines Screwtop Tower
22%
M Soda Jungle Seesaw Bridge
22%
M Frosted Glacier Spinning-Star Sky
22%
M Layer-Cake Desert Stoneslide Tower
22%
L | M Peach’s Castle The Final Battle
22%
L Layer-Cake Desert The Walls Have Eyes
22%
M Sparkling Waters Tropical Refresher
22%
M Rock-Candy Mines Walking Piranha Plants!
22%
M Soda Jungle Which Way Labyrinth
22%
M Layer-Cake Desert Blooming Lakitus
19%
M Soda Jungle Bridge Over Poisoned Waters
19%
M Layer-Cake Desert Dry Desert Mushrooms
19%
M Rock-Candy Mines Fuzzy Clifftop
19%
M Sparkling Waters Giant Skewer Tower
19%
M Soda Jungle Painted Swampland
19%
L Acorn Plains Piranha Heights
19%
M Layer-Cake Desert Piranha Plants On Ice
19%
M Rock-Candy Mines Porcupuffer Falls
19%
M Frosted Glacier Prickly Goombas!
19%
L Acorn Plains Rolling Yoshi Hills
19%
M Soda Jungle Snake Block Tower
19%
M Soda Jungle Wiggler Stampede
19%
M Sparkling Waters Above The Cheep Cheep Seas
16%
M Soda Jungle Bramball Woods
16%
M Frosted Glacier Cooligan Fields
16%
L Acorn Plains Flame-Gear Tower
16%
M Superstar Road Follow That Shell!
16%
M Frosted Glacier Icicle Caverns
16%
M Superstar Road Lakitu! Lakitu! Lakitu!
16%
M Superstar Road Pendulum Castle
16%
L Acorn Plains Piranha Gardens
16%
M Peach’s Castle Red-Hot Elevator Ride
16%
M Frosted Glacier Scaling The Mountainside
16%
M Layer-Cake Desert Spike’s Spouting Sands
16%
M Superstar Road Swim For Your Life!
16%
M Sparkling Waters Urchin Shoals
16%
M Frosted Glacier Wendy’s Shifting Castle
16%
M Soda Jungle Deepsea Ruins
14%
M Sparkling Waters Dragoneel’s Undersea Grotto
14%
M Frosted Glacier Freezing-Rain Tower
14%
L Layer-Cake Desert Piranhas In The Dark
14%
L Rock-Candy Mines Porcupuffer Cavern
14%
L Layer-Cake Desert Spike’s Tumbling Desert
14%
L Layer-Cake Desert Underground Grrrols
14%
M Rock-Candy Mines Waddlewing’s Nest
14%
M Sparkling Waters Waterspout Beach
14%
L Layer-Cake Desert Wind-Up Tower
14%
M Meringue Clouds A Quick Dip In The Sky
11%
L Superstar Road Fire Bar Sprint
11%
M Frosted Glacier Fliprus Lake
11%
M Rock-Candy Mines Grinding Stone Tower
11%
L Sparkling Waters Huckit Beach Resort
11%
M Meringue Clouds Land Of Flying Blocks
11%
M Peach’s Castle Meteor Moat
11%
L Layer-Cake Desert Morton’s Lava-Block Castle
11%
L Rock-Candy Mines Mount Fuzzy
11%
L Soda Jungle Para-Beetle Parade
11%
M Superstar Road Run For It
11%
M Meringue Clouds Seesaw Shrooms
11%
M Superstar Road Spine-Tingling Spine Coaster
11%
L Meringue Clouds Stonecrush Tower
11%
M Frosted Glacier Swaying Ghost House
11%
M Rock-Candy Mines Thrilling Spine Coaster
11%
L Sparkling Waters A Beanstalk Jungle
8%
L Soda Jungle All Aboard
8%
M Meringue Clouds Boarding The Airship
8%
M Peach’s Castle Firefall Cliffs
8%
L Meringue Clouds Frozen Fuzzies
8%
L Soda Jungle Giant Swing-Along
8%
L Sparkling Waters Larry’s Trigger-Happy Castle
8%
M Rock-Candy Mines Light Blocks, Dark Tower
8%
L Rock-Candy Mines Light-Up Lift Tower
8%
L Soda Jungle Painted Pipeworks
8%
M Peach’s Castle Rising Tides Of Lava
8%
L Rock-Candy Mines Roy’s Ironclad Castle
8%
L Sparkling Waters Shish-Kebab Tower
8%
M Sparkling Waters Skyward Stalk
8%
L Layer-Cake Desert Slippery Rope Ladders
8%
L Rock-Candy Mines Smashing-Stone Tower
8%
L Rock-Candy Mines Spine Coaster Stowaways
8%
M Meringue Clouds Spinning Spirit House
8%
L Soda Jungle Sumo Bro Bridge
8%
M Meringue Clouds Switchback Hill
8%
L Rock-Candy Mines Switch-Lift Express
8%
L Frosted Glacier Wendy’s Thwomp Castle
8%
L Soda Jungle Wiggler Floodlands
8%
L Soda Jungle Boo’s Favorite Haunt
5%
M Meringue Clouds Bouncy Cloud Boomerangs
5%
L Meringue Clouds Bowser Jr. Showdown
5%
L Frosted Glacier Broozers And Barrels
5%
L Superstar Road Cloudy Capers
5%
L Frosted Glacier Cooligan Shrooms
5%
L Peach’s Castle Current Event
5%
L Soda Jungle Dancing Blocks, Poison Swamp
5%
L Sparkling Waters Dragoneel Depths
5%
L Frosted Glacier Fire And Ice
5%
M Superstar Road Fire Bar Cliffs
5%
L Peach’s Castle Firefall Rising
5%
L Meringue Clouds Flame Chomp Ferris Wheel
5%
L Frosted Glacier Fliprus Floes
5%
L Superstar Road Flying Squirrel Ovation
5%
M Superstar Road Hammerswing Caverns
5%
L Sparkling Waters Haunted Cargo Hold
5%
L Soda Jungle Heart Of Bramball Woods
5%
L Frosted Glacier Ice-Slide Expressway
5%
L Frosted Glacier Icicle Tower
5%
L Soda Jungle Iggy’s Swinging-Chains Castle
5%
L Superstar Road Impossible Pendulums
5%
L Meringue Clouds Ludwig’s Block-Press Castle
5%
M Meringue Clouds Ludwig’s Clockwork Tower
5%
L Peach’s Castle Magma Moat
5%
M Peach’s Castle Magma-River Cruise
5%
L Peach’s Castle Magmaw River Cruise
5%
M Soda Jungle Mighty Cannon Ship
5%
L Frosted Glacier Peek-A-Boo Ghost House
5%
L Superstar Road P-Switch Peril
5%
M Rock-Candy Mines Roy’s Conveyer Castle
5%
M Rock-Candy Mines Shifting Floor Cave
5%
M Meringue Clouds Slide-Lift Tower
5%
M Meringue Clouds Snaking Above Mist Valley
5%
L Rock-Candy Mines Spike’s Seesaws
5%
M Superstar Road Spinning Platforms Of Doom
5%
L Layer-Cake Desert Spinning Sandstones
5%
L Rock-Candy Mines Sumo Bro’s Spinning Tower
5%
L Sparkling Waters The Great Geysers
5%
L Superstar Road Under Construction
5%
L Sparkling Waters Urchin Reef Romp
5%
L Meringue Clouds Vanishing Ghost House
5%
L Sparkling Waters Waterspout Sprint
5%
L Frosted Glacier Weighty Waddlewings
5%
L Superstar Road Hammerswing Hangout
3%
L Peach’s Castle Hot Cogs (Sorry Ceave)
3%
L Meringue Clouds Rainbow Skywalk
3%
L Superstar Road Spine Coaster Connection
3%
L Superstar Road Star Coin Deep Dive
3%
L Soda Jungle Stone-Snake Tower
3%
L Layer-Cake Desert Stone Spike Conveyers
3%
L Meringue Clouds Three-Headed Snake Block
3%
L Meringue Clouds Wiggler Rodeo
3%
L Meringue Clouds Above The Bouncy Clouds
0%
L Rock-Candy Mines Rising Piranhas (PLANT GANG RISE UP AGAIN!!)
0%
No matching quizzes found
Score Distribution
Percent of People with Each Score
Percentile by Number Answered
Your Score History
You have not taken this quiz